| 000 | 00784cam a2200229 4500 | ||
|---|---|---|---|
| 001 | ABS62453 | ||
| 008 | 000000n2000 000 0 eng u | ||
| 035 | _a(Sirsi) u106752 | ||
| 100 | _aBarnes, R. | ||
| 245 | _aWheeler dealers | ||
| 260 | _c2000 | ||
| 490 |
_aProperty Week _v65(24) 16 June 2000, 63-64(2) |
||
| 520 | _aAssesses the implications for the motor trade's property requirements of the recent wave of car plant closures, the growth of car showrooms on the internet, and imminent changes to EU regulations. | ||
| 590 | _aABS | ||
| 650 | _aCAR INDUSTRY | ||
| 650 | _aCOMPETITION COMMISSION REPORT | ||
| 650 | _aCAR DEALERSHIPS | ||
| 650 | _aINTERNET CAR SALES | ||
| 650 | _aMOTOR TRADE | ||
| 690 | _aPROPERTY-COMMERCIAL PROPERTY-RETAIL PROPERTY | ||
| 942 | _n0 | ||
| 999 |
_c63890 _d63890 |
||